000 00281nam a22001217a 4500
008 181016b xxu||||| |||| 00| 0 eng d
041 _aeng
080 _a617
100 _a8
101 _aOFT
245 _aSurgery of the Eyelids and Lacrimal system
_cJones,L.T
942 _2udc
_cBK
999 _c49848
_d49848